Cliquez pour traduire - Allemand - Statistiques

Statistiques générales
  • Ce quiz a été pris 80 fois
  • Le résultat moyen est 15 sur 20
Statistiques - réponses
Hint Réponse % Correct
Bibliothèque Bibliothek
98%
Rouge Rot
94%
Tasse Tasse
92%
Pays Land
90%
Jeudi Donnerstag
88%
Mer Meer
87%
Ville Stadt
87%
Mois Monat
85%
Rue Straße
83%
Roi König
81%
Fleur Blume
75%
Chemin de fer Eisenbahn
75%
Télévision Fernseher
67%
Voyage Reise
67%
Pont Brücke
63%
Sombre Dunkel
62%
Montagne Berg
60%
Mouton Schaf
60%
Ciel Himmel
58%
Jambe Bein
56%
Aucun quiz correspondant
Distribution des résultats
% des personnes avec chaque résultat
Percentile par nombre de réponses
Votre historique - résultats
Vous n’avez pas pris ce quiz